Responses for Show #361 - Monday, January 27, 1986

Beryl Arbit game 1.

Contestants

[<< previous game]

Lee Newlight, a chef from Monroe, North Carolina

Beryl Arbit, a legal assistant from Encino, California

Bob Danielson, a financial analyst from Miami Springs, Florida (whose 1-day cash winnings total $8,950)

[next game >>]

Jeopardy! Round responses

MEDALS & DECORATIONS
BEAUTY SHOP
BIRDS
SPORTS
4-LETTER WORDS
STUPID ANSWERS
(Alex: I think this is a category we used once before on our program and it becomes self-explanatory as we get into it.)
    $100 8
the Soviet Union

Lee
    $100 7
false teeth

Bob
    $100 26
(Lee: What is a dodo?)

booby

BobLee
    $100 13
Canada

Bob
    $100 21
Adam

Bob
    $100 5
Kuwait

Lee
    $200 4
the Iron Cross

Lee
    $200 12
Avon

Bob
    $200 27
[The end-of-round signal sounds.]

a woodpecker

Bob
    $200 14
soccer

Bob
    $200 22
dunk

Beryl
    $200 6
in color

Beryl
    $300 1
Norway

Bob
    $500 16
deodorant

Beryl
    $300 15
Satchel Paige

Beryl
    $300 23
pant

Beryl
    $300 9
See It Now

Lee
    $400 2
the Victoria Cross

Bob
    $400 17
cold cream

Bob
    $400 18
Washington

Bob
    $400 24
a list

Bob
    $400 10
none of them (they all weigh exactly the same)

Lee
    $500 3
Japan

Bob
    $500 20
(Alex: We've got about a minute to go in this round.)

saffron

Bob
    $500 19
(Alex: He finished second four times in that event.)

the U.S. Open

Beryl
    $500 25
soak

Beryl
    $500 11
American Airlines

Beryl

Scores at the first commercial break (after clue 14):

Bob Beryl Lee
$1,800 $700 $1,100

Scores at the end of the Jeopardy! Round:

Bob Beryl Lee
$3,900 $3,000 $1,000

Double Jeopardy! Round responses

ENGLISH LITERATURE
TRANSPORTATION
ANCIENT WORLDS
MOVIE PAIRS
COMPOSERS
"TABLE" TALK
    $200 1
[ERRATUM: The author's name is Malory, not Mallory.]

the Round Table

Bob
    $200 10
Pliny the Elder

Bob
    $200 13
Gene Wilder & Richard Pryor

Beryl
    $200 11
J.S. Bach

Bob
    $200 19
at the craps table

Lee
    $400 26
the Cheshire Cat

Beryl
    $800 2
the Marrakesh Express

Bob
    $400 6
the Great Wall of China

Bob
    $400 14
John Travolta & Jamie Curtis

Beryl
    $400 12
John Williams

Beryl
    $400 20
the multiplication table

Bob
    $600 27
[The end-of-round signal sounds.]

a mouse

Bob
    $600 3
the Space Shuttle

Bob
    $600 7
the Persians

Bob
    $600 15
Meryl Streep & Robert De Niro

Beryl
    $600 17
Aaron Copland

Bob
    $600 21
Separate Tables

Beryl
    $800 4
pigeons

Lee
    $800 8
Britain

Bob
    $800 16
John Wayne & Maureen O'Hara

Bob
    $800 18
Liszt

Beryl
    $2,500 22
(Beryl: [Smiling confidently] What is "From the tables down at Mory's"?)
(Alex: That's good enough for me. For $2,500, it takes you up to $8,000. [*], and you've got less than a minute to go in this round.)
[ERRATUM: "Whiffenpoof" was misspelled in the clue as shown.]

"To the tables down at Mory's"

Beryl
    $1000 5
(Bob: What is a [*]?)

Stagecoach

Bob
    $1000 9
Josephus

Bob
    $1000 24
Marie Dressler & Wallace Beery

Triple Stumper
    $1000 25
Joseph Haydn

Triple Stumper
    $1000 23
table d'hôte

Beryl

Scores at the end of the Double Jeopardy! Round:

Bob Beryl Lee
$12,100 $9,900 $2,000

[wagering suggestions for these scores]

Final Jeopardy! Round responses

LANGUAGES
LeeWhat is French
$1,998
BerylWhat is French?
$2,301
BobWhat is English?
$7,900
French

Final scores:

Bob Beryl Lee
$4,200 $12,201 $3,998
2nd place: Broyhill bedroom set + Bates bedspread New champion: $12,201 3rd place: General Electric VCR

Game dynamics:

Coryat scores:

Bob Beryl Lee
$11,700 $8,000 $2,000
28 R
(including 1 DD),
0 W
17 R
(including 2 DDs),
0 W
7 R,
1 W

Combined Coryat: $21,700

[game clues] [game scores] [suggest correction]

Game tape date: 1985-09-18
The J! Archive is created by fans, for fans. Scraping, republication, monetization, and malicious use prohibited; this site may use cookies and collect identifying information. See terms. The Jeopardy! game show and all elements thereof, including but not limited to copyright and trademark thereto, are the property of Jeopardy Productions, Inc. and are protected under law. This website is not affiliated with, sponsored by, or operated by Jeopardy Productions, Inc. Join the discussion at JBoard.tv.